header

Trends in nano- and micro-cavities (Record no. 114449)

MARC details
000 -LEADER
fixed length control field 01193nam a2200301Ia 4500
245 00 - TITLE STATEMENT
Title Trends in nano- and micro-cavities
260 ## - PUBLICATION, DISTRIBUTION, ETC. (IMPRINT)
Place of publication Hilversum, The Netherlands :
Name of publisher Bentham Science Publishers,
Year of publication 2011.
300 ## - PHYSICAL DESCRIPTION
Number of Pages viii, 321 p. :
Other physical details ill.
650 #0 - SUBJECT ADDED ENTRY--TOPICAL TERM
Topical Term Nanotechnology.
Topical Term Microelectromechanical systems.
700 1# - ADDED ENTRY--PERSONAL NAME
Personal name Kwon, O'Dae.
Personal name Lee, Byoungho.
Personal name An, Kyungwon.
856 40 - ELECTRONIC LOCATION AND ACCESS
Uniform Resource Identifier http://site.ebrary.com/lib/rucke/Doc?id=10504673

No items available.

© 2026 Rongo University
Contact us: librarian | system librarian | Rongo university